罪的正確觀念 (Record no. 19998)
[ view plain ]
| 000 -LEADER | |
|---|---|
| fixed length control field | 00721nam a2200229Ia 4500 |
| 008 - FIXED-LENGTH DATA ELEMENTS--GENERAL INFORMATION | |
| fixed length control field | 200826s9999||||xx |||||||||||||| ||und|| |
| 020 ## - INTERNATIONAL STANDARD BOOK NUMBER | |
| International Standard Book Number | 0834130580 |
| 020 ## - INTERNATIONAL STANDARD BOOK NUMBER | |
| International Standard Book Number | 9780834130586 |
| 041 ## - LANGUAGE CODE | |
| Language code of text/sound track or separate title | chi |
| Language code of original | eng |
| 050 ## - LIBRARY OF CONGRESS CALL NUMBER | |
| Classification number | BT715 |
| Item number | .T39 1990 |
| 100 ## - MAIN ENTRY--PERSONAL NAME | |
| Personal name | Taylor, Richard S. |
| 245 #0 - TITLE STATEMENT | |
| Title | 罪的正確觀念 |
| Remainder of title | = A right conception of sin / |
| Statement of responsibility, etc. | 理查.泰勒 (Richard S. Taylor) 著; 杜若洲譯 |
| 246 ## - VARYING FORM OF TITLE | |
| Title proper/short title | 罪的正确观念 / |
| Remainder of title | = A right conception of sin/ |
| 260 ## - PUBLICATION, DISTRIBUTION, ETC. | |
| Place of publication, distribution, etc. | 台北市 : |
| Name of publisher, distributor, etc. | 燈塔山出版社, |
| Date of publication, distribution, etc. | 1990 |
| 300 ## - PHYSICAL DESCRIPTION | |
| Extent | 150 p. |
| Other physical details | ; |
| Dimensions | 21 cm. |
| 500 ## - GENERAL NOTE | |
| General note | Translation of: A right conception of sin. |
| 650 ## - SUBJECT ADDED ENTRY--TOPICAL TERM | |
| Topical term or geographic name entry element | Atonement. |
| 650 ## - SUBJECT ADDED ENTRY--TOPICAL TERM | |
| Topical term or geographic name entry element | Sin. |
| 700 ## - ADDED ENTRY--PERSONAL NAME | |
| Personal name | 杜若洲 |
| 700 ## - ADDED ENTRY--PERSONAL NAME | |
| Personal name | 理查.泰勒 |
| Withdrawn status | Lost status | Damaged status | Not for loan | Home library | Current library | Shelving location | Date acquired | Total Checkouts | Full call number | Barcode | Date last seen | Price effective from | Koha item type |
|---|---|---|---|---|---|---|---|---|---|---|---|---|---|
| GETS Theological Seminary Library | GETS Theological Seminary Library | General Stacks | 08/26/2020 | BT715 .T39 1990 | 00007487 | 08/26/2020 | 08/26/2020 | Chinese Book |